Computer simulation in management science
Αποθηκεύτηκε σε:
| Κύριος συγγραφέας: | |
|---|---|
| Μορφή: | Βιβλίο |
| Γλώσσα: | English |
| Δημοσίευση: |
Chichester : New York :
Wiley,
1984 c1988
|
| Έκδοση: | 2nd ed |
| Θέματα: | |
| Ετικέτες: |
Προσθήκη ετικέτας
Δεν υπάρχουν, Καταχωρήστε ετικέτα πρώτοι!
|
MARC
| LEADER | 00000cam a2200000 i 4500 | ||
|---|---|---|---|
| 001 | 1/35793 | ||
| 008 | 941103s19841988 eng d | ||
| 020 | |a 0471910392 |c $19.00 | ||
| 020 | |a 0471919314 | ||
| 035 | |l 10040070 | ||
| 035 | |a 1991 |c ΔΑΡΖΕΝΤΑΣ | ||
| 040 | |a GR-MY-UA |b gre |e aacr | ||
| 041 | 0 | |a eng | |
| 082 | 0 | |a 658.40352 |2 (19) | |
| 100 | 1 | |a Pidd, Michael. | |
| 245 | 1 | 0 | |a Computer simulation in management science / |c Michael Pidd |
| 250 | |a 2nd ed | ||
| 260 | |a Chichester : |a New York : |b Wiley, |c 1984 |c c1988 | ||
| 300 | |a xviii, 307 p.; |b ill.; |c 23 cm | ||
| 504 | |a Includes bibliographies and indexes | ||
| 650 | 0 | 0 | |a Management science |x Computer simulation. |
| 650 | 0 | 0 | |a Management science |x Data processing. |
| 650 | 0 | 0 | |a Management science |x Mathematical models. |
| 852 | |a INST |b SAMOS |e 19941103 |h 658.40352 PID |p 005300000728 |q 005300000728 |t BK |y 0 | ||
| 852 | |a INST |b SAMOS |e 19941103 |h 658.40352 PID |p 005300004760 |q 005300004760 |t BK |y 0 | ||
| 909 | |a Σ |b 019895 | ||
| 909 | |a Σ |b 008319 | ||